Вопросы теории и жизнь; сборник статей

Bibliographische Detailangaben
Sprache:Russisch
Veröffentlicht: Москва, Правда, 1970-1987
Format: MixedMaterials Buch
KOHA link:https://koha.lib.tpu.ru/cgi-bin/koha/opac-detail.pl?biblionumber=112534

MARC

LEADER 00000nam1a2200000 4500
001 112534
005 20231031121458.0
035 |a (RuTPU)RU\TPU\book\121678 
090 |a 112534 
100 |a 20070329d1970 km y0rusy50 ca 
101 0 |a rus 
102 |a RU 
200 1 |a Вопросы теории и жизнь  |h сборник статей 
210 |a Москва  |c Правда  |d 1970-1987 
801 1 |a RU  |b 63413507  |c 20070329  |g PSBO 
801 2 |a RU  |b 63413507  |c 20161130  |g PSBO 
942 |c BK